00301nam a22000977a 4500020001500000082001900015100002400034245006100058260004900119300003500168 a8177224050 222a005.756521 aAndersen, Virginia. aHow to do everything with microsoft office access 2003 / aNew Delhi,bJohn and Wiley and Sons,cc2003. axix, 533 p. ;bill. ;c22 cm.